00442nam a22001697a 4500003000900000005001700009008004100026040003300067041000800100080001100108100003100119245004000150260003700190300002400227650001200251650000900263LK-CoDNM20250109122905.0250102b |||||||| |||| 00| 0 eng d aLK-CoDNMdLK-CoDNMeLK-CoDNM aeng a5bA29 aJ.T. Jenkins, D.Sc., Ph.D. aA historical of the whale fisheries aLondonbH.F. & G. Witherbyc1921 b336p. : ill ; 24 cm aScience a1921